书目信息 |
| 书名: | The wit & wisdom of discworld terry pratchett | |
| 作者: | Stephen Briggs | |
| 分册号: | ||
| 分册名: | 出版地: | UK |
|
| 出版社: | Corgi books | |
| 出版时间: | 2007 | |
| 页数: | 304P | |
| 开本: | 23cm | |
| 丛书名: | ||
| 中图分类号: | ||
| 科图分类号: | ||
| 其他分类号: | I712.4 | |
| 主题词: | ||
| 电子资源: | ||
| 000 | 00407nam0 2200145 450 | |
| 001 | 202012199448 | |
| 005 | 20121108092031.0 | |
| 008 | 20010101s | |
| 020 | @a978-0-5521-5538-0@c£7.99 | |
| 099 | @dI712.4@eS828 | |
| 245 | 10 | @aThe wit & wisdom of discworld terry pratchett@cStephen Briggs |
| 260 | 0 | @aUK@bCorgi books@c2007 |
| 300 | @a304P@c23cm | |
| 905 | @b0010007 | |
| 905 | @aTSG@dI712.4@eS828 | |
| The wit & wisdom of discworld terry pratchett / Stephen Briggs.-UK : Corgi books , 2007 |
| 304P ; 23cm |
| ISBN 978-0-5521-5538-0£7.99 |
| ● |
| 相关链接 |
|
|
|
正题名:The wit & wisdom of discworld terry prat
索取号:I712.4/S828
 
预约/预借
| 序号 | 登录号 | 条形码 | 馆藏地/架位号 | 状态 | 备注 |
| 1 | 10007 | 300100076 | 文学库116/400A自科库 19排3列5层/ [索取号:I712.4/S828] | 在馆 |